[Event "Int. Stuttgarter Stadtmeisterschaft A"]
[Site "Ditzingen"]
[Date "2014.05.31"]
[Round "7.6"]
[White "Bergauz, Noam"]
[Black "Karpatchev, Aleksandr"]
[Result "1/2-1/2"]
[WhiteElo "2147"]
[BlackElo "2445"]
[PlyCount "97"]
[EventDate "2014.??.??"]
[WhiteTeam "SK M�nchen S�dost e.V."]
[BlackTeam "SF Bad Mergentheim"]

1. e4 e5 2. Nf3 Nc6 3. d4 exd4 4. Nxd4 Bc5 5. Nb3 Bb4+ 6. Bd2 a5 7. g3 h5 8.
Bg2 h4 9. O-O hxg3 10. fxg3 Bd6 11. Qg4 Be5 12. Nc3 a4 13. Nc1 d6 14. Qf3 Nf6
15. N1e2 Bg4 16. Qd3 Qd7 17. Nd5 a3 18. c3 axb2 19. Rab1 Rxa2 20. Qc4 Ra1 21.
Rxa1 bxa1=R 22. Rxa1 O-O 23. Nef4 Nxd5 24. Nxd5 Be6 25. Qb5 Rb8 26. Ra3 Bh3 27.
Bf3 Nd4 28. Qxd7 Nxf3+ 29. Kf2 Bxd7 30. Kxf3 c6 31. Nb6 Be6 32. Bf4 Bxf4 33.
Kxf4 Kf8 34. c4 Ke7 35. h4 f6 36. Ra7 c5 37. Nd5+ Kf7 38. Nb6 Kg6 39. g4 Kh6
40. h5 g6 41. hxg6 Kxg6 42. Ra3 Kf7 43. Ra7 Ke7 44. Nd5+ Kd8 45. Ra4 Bxd5 46.
exd5 Kc7 47. Ra3 b5 48. cxb5 Rxb5 49. Kf5 1/2-1/2

[Event "Int. Stuttgarter Stadtmeisterschaft A"]
[Site "Ditzingen"]
[Date "2014.05.31"]
[Round "7.7"]
[White "Neyman, Igor"]
[Black "Vaysberg, Alexander"]
[Result "1/2-1/2"]
[WhiteElo "2311"]
[BlackElo "2178"]
[PlyCount "76"]
[EventDate "2014.??.??"]
[WhiteTeam "Stuttgarter SF 1879"]
[BlackTeam "SG Ludwigsburg 1919"]

1. Nf3 Nf6 2. c4 e6 3. Nc3 d5 4. d4 dxc4 5. e3 a6 6. a4 c5 7. Bxc4 Nc6 8. O-O
Be7 9. Qe2 O-O 10. Rd1 Qc7 11. dxc5 Bxc5 12. h3 Bd7 13. e4 Ne5 14. Ba2 Nxf3+
15. Qxf3 Bc6 16. Be3 Qb6 17. Bxc5 Qxc5 18. Qe2 Qg5 19. Bb1 Rad8 20. Bc2 e5 21.
Qe3 Qxe3 22. fxe3 Rfe8 23. b4 Rc8 24. Rd2 Red8 25. Rxd8+ Rxd8 26. Rc1 Kf8 27.
Kf2 Rc8 28. Kf3 Bd7 29. Bb3 Be6 30. Bxe6 fxe6 31. Na2 Rxc1 32. Nxc1 Ke7 33. Nb3
b6 34. Nd2 Nd7 35. Nc4 b5 36. axb5 axb5 37. Na3 Nb8 38. Nxb5 Nc6 1/2-1/2

[Event "Int. Stuttgarter Stadtmeisterschaft A"]
[Site "Ditzingen"]
[Date "2014.05.31"]
[Round "7.8"]
[White "Schmidt, Olaf"]
[Black "Raupp, Thomas"]
[Result "0-1"]
[WhiteElo "2139"]
[BlackElo "2310"]
[PlyCount "44"]
[EventDate "2014.??.??"]
[WhiteTeam "SC Böblingen 1975 e.V."]
[BlackTeam "SC Eppingen"]

1. c4 e6 2. d4 d5 3. Nf3 Nf6 4. Nc3 Be7 5. Bf4 O-O 6. e3 Nbd7 7. Qc2 c5 8. dxc5
Nxc5 9. Rd1 Qa5 10. Be2 Nce4 11. O-O Nxc3 12. Qxc3 Qxc3 13. bxc3 b6 14. Nd4 Ba6
15. Nb5 Bxb5 16. cxb5 Ne4 17. c4 Nc3 18. Rd2 Nxe2+ 19. Rxe2 dxc4 20. Rc2 Rac8
21. Rfc1 Ba3 22. Rd1 Rfd8 0-1

[Event "Int. Stuttgarter Stadtmeisterschaft A"]
[Site "Ditzingen"]
[Date "2014.05.31"]
[Round "7.9"]
[White "Piskur, Mitja"]
[Black "Scheeff, Volker"]
[Result "1-0"]
[WhiteElo "2239"]
[BlackElo "2098"]
[PlyCount "73"]
[EventDate "2014.??.??"]
[WhiteTeam "BMP Trebnje"]
[BlackTeam "SK Schmiden/Cannstatt"]

1. d3 d5 2. e4 c6 3. Nd2 e5 4. Ngf3 Bd6 5. g3 Nf6 6. Bg2 O-O 7. O-O Nbd7 8. Nh4
Re8 9. a4 a5 10. Nf5 Bf8 11. Nb3 Nc5 12. Nxc5 Bxc5 13. Bg5 dxe4 14. dxe4 Qxd1
15. Raxd1 Bxf5 16. exf5 Rad8 17. h3 Kf8 18. Rfe1 h6 19. Bh4 Rxd1 20. Rxd1 Ke7
21. Re1 Kd6 22. g4 Nd7 23. Bg3 f6 24. Kf1 Nb6 25. b3 Bd4 26. f4 Nd5 27. fxe5+
Bxe5 28. Bf2 Nb4 29. Bb6 Nxc2 30. Rd1+ Ke7 31. Bc5+ Kf7 32. Rd7+ Kg8 33. Rxb7
Bd4 34. Bxd4 Nxd4 35. Rd7 Nxb3 36. Bxc6 Rc8 37. Bd5+ 1-0

[Event "Int. Stuttgarter Stadtmeisterschaft A"]
[Site "Ditzingen"]
[Date "2014.05.31"]
[Round "7.10"]
[White "Weißbeck, Simon"]
[Black "Aring, Gerd"]
[Result "0-1"]
[WhiteElo "1999"]
[BlackElo "2198"]
[PlyCount "96"]
[EventDate "2014.??.??"]
[WhiteTeam "Heilbronner SV"]
[BlackTeam "SV Nürtingen 1920"]

1. e4 c5 2. c3 Nf6 3. e5 Nd5 4. d4 cxd4 5. cxd4 d6 6. Nf3 Nc6 7. Bc4 Nb6 8. Bb5
Bd7 9. Nc3 dxe5 10. d5 Nb4 11. Bxd7+ Qxd7 12. O-O f6 13. Be3 N4xd5 14. Nxd5
Nxd5 15. Nxe5 fxe5 16. Qh5+ g6 17. Qxe5 Rg8 18. Rad1 e6 19. Bg5 Be7 20. Qe4 Rf8
21. f4 Kf7 22. f5 gxf5 23. g4 Kg8 24. gxf5 Rad8 25. Qg2 Kh8 26. f6 Rf7 27. Kh1
Bf8 28. Rd3 Bd6 29. Bh6 Rg8 30. Bg7+ Rfxg7 31. fxg7+ Qxg7 32. Qxg7+ Rxg7 33.
Re1 Rg6 34. a4 b6 35. Re4 Kg7 36. h4 h5 37. Rd1 Kf6 38. Rf1+ Ke7 39. Rd1 Rg4
40. Rxg4 hxg4 41. Rg1 Ne3 42. Re1 Bf4 43. Kg1 g3 44. Rc1 Kf6 45. Rc8 Kf5 46.
Rg8 Ke4 47. Rg6 Kf3 48. h5 Nf5 0-1

[Event "Int. Stuttgarter Stadtmeisterschaft A"]
[Site "Ditzingen"]
[Date "2014.05.31"]
[Round "7.11"]
[White "Löhr, Markus"]
[Black "Wettengel, Alexander"]
[Result "1-0"]
[WhiteElo "2248"]
[BlackElo "2089"]
[PlyCount "81"]
[EventDate "2014.??.??"]
[WhiteTeam "SK Schmiden/Cannstatt"]
[BlackTeam "Stuttgarter SF 1879"]

1. d4 d5 2. Nf3 Nc6 3. c4 Bg4 4. Nc3 e6 5. cxd5 exd5 6. Bf4 Bxf3 7. gxf3 Bd6 8.
Bg3 Nge7 9. e3 Qd7 10. Qb3 h5 11. O-O-O h4 12. Bxd6 Qxd6 13. Bh3 O-O 14. f4 Na5
15. Qc2 f5 16. Rhg1 Rf7 17. Rg5 Qd7 18. Qe2 Rc8 19. Rh5 c5 20. Rxh4 Ng6 21. Rh5
cxd4 22. Rxd4 Nc6 23. Rd2 d4 24. Kb1 Qe8 25. Nb5 Qe4+ 26. Qd3 Qf3 27. Bxf5 Qxh5
28. Bxg6 Qd5 29. Bxf7+ Kxf7 30. Nxd4 Ne7 31. e4 Qa5 32. Qb3+ Kg6 33. Rd1 Kh7
34. Qh3+ Kg8 35. Qe6+ Kf8 36. Qb3 Ke8 37. Ne6 b5 38. Nxg7+ Kf8 39. Ne6+ Ke8 40.
Ng5 Rc4 41. Qh3 1-0

[Event "Int. Stuttgarter Stadtmeisterschaft A"]
[Site "Ditzingen"]
[Date "2014.05.31"]
[Round "7.12"]
[White "Dobosz, Henryk"]
[Black "Ludwig, Sebastian"]
[Result "1/2-1/2"]
[WhiteElo "2401"]
[BlackElo "2051"]
[PlyCount "81"]
[EventDate "2014.??.??"]
[WhiteTeam "BG Buchen"]
[BlackTeam "SV Stuttgart-Wolfbusch 1956 e.V."]

1. d4 d5 2. c4 c6 3. Nc3 Nf6 4. e3 e6 5. Nf3 Nbd7 6. Qc2 Bd6 7. b3 O-O 8. Bb2
e5 9. Be2 e4 10. Nd2 a6 11. O-O-O Re8 12. g4 Nf8 13. Rdg1 h6 14. Kb1 Be6 15. f3
exf3 16. Bxf3 Qd7 17. h3 b5 18. e4 Bb4 19. e5 N6h7 20. cxb5 cxb5 21. Qd3 Rac8
22. Ka1 Rc7 23. Ndb1 Rb8 24. a3 Be7 25. Ne2 a5 26. Rc1 Rbc8 27. Rxc7 Rxc7 28.
Rc1 b4 29. a4 Bg5 30. Rc5 Rxc5 31. dxc5 Qc7 32. Bxd5 Qxc5 33. Be4 Qf2 34. Nd4
Qe3 35. Qc2 Qxh3 36. Nxe6 fxe6 37. Qc8 Kf7 38. Qb7+ Be7 39. Nd2 Ng5 40. Bb1 Qe3
41. Nc4 1/2-1/2

[Event "Int. Stuttgarter Stadtmeisterschaft A"]
[Site "Ditzingen"]
[Date "2014.05.31"]
[Round "7.13"]
[White "Koch, Martin"]
[Black "Dudek, Richard"]
[Result "0-1"]
[WhiteElo "2066"]
[BlackElo "2262"]
[PlyCount "108"]
[EventDate "2014.??.??"]
[WhiteTeam "SC Schachmatt Botnang"]
[BlackTeam "SC Eppingen"]

1. e4 c6 2. d4 d5 3. exd5 cxd5 4. c4 Nf6 5. Nc3 e6 6. Nf3 Be7 7. Bd3 O-O 8. O-O
dxc4 9. Bxc4 Nc6 10. Bg5 h6 11. Bf4 Nb4 12. Re1 Nbd5 13. Bg3 b6 14. Rc1 Bb7 15.
Ne5 Rc8 16. Bb3 a6 17. Qe2 Bb4 18. Qd3 b5 19. a4 bxa4 20. Bxa4 Bxc3 21. bxc3
Qa5 22. Bb3 Rxc3 23. Rxc3 Qxc3 24. Qxc3 Nxc3 25. f3 Bd5 26. Bc2 a5 27. Bd3 Bb3
28. Ra1 a4 29. Be1 Rc8 30. Ba6 Ra8 31. Bxc3 Rxa6 32. Bb4 Nd5 33. Bc5 Ne3 34.
Nd3 Ra8 35. Ne1 Nc4 36. Kf2 a3 37. Ke2 a2 38. Nd3 Na5 39. Nc1 Bd5 40. Kd3 Nb3
41. Nxb3 Bxb3 42. Bb4 Bd5 43. Bc3 Rb8 44. Kc2 Bc4 45. Re1 Rb1 46. Kd2 Kf8 47.
Rc1 Ke7 48. Ba1 Kd6 49. g3 Kd5 50. Bc3 Be2 51. f4 Ke4 52. Re1 Rxe1 53. Kxe1 Kd3
54. Ba1 Bf3 0-1

[Event "Int. Stuttgarter Stadtmeisterschaft A"]
[Site "Ditzingen"]
[Date "2014.05.31"]
[Round "7.14"]
[White "Sokratov, Stanislav"]
[Black "Müller, Philipp"]
[Result "0-1"]
[WhiteElo "2194"]
[BlackElo "2063"]
[PlyCount "64"]
[EventDate "2014.??.??"]
[WhiteTeam "SC Erdmannhausen"]
[BlackTeam "SC Neckarsulm e.V."]

1. d4 d5 2. c4 e5 3. dxe5 d4 4. Nf3 Nc6 5. a3 Nge7 6. b4 Ng6 7. Bb2 Ncxe5 8.
Bxd4 Nxc4 9. e3 Nd6 10. Nbd2 f6 11. h4 Nf5 12. Bb2 Bd6 13. Bc4 Qe7 14. Qe2 Bd7
15. h5 Ne5 16. Bd5 O-O-O 17. Ne4 Kb8 18. Nxd6 Nxd6 19. Nxe5 fxe5 20. a4 Ne4 21.
O-O Nf6 22. e4 g6 23. f4 exf4 24. Rae1 Rhe8 25. Bxf6 Qxf6 26. b5 Re5 27. Qb2
Rde8 28. Rc1 g5 29. Qc3 Qb6+ 30. Rf2 g4 31. a5 Qd6 32. Rxf4 Rxd5 0-1

[Event "Int. Stuttgarter Stadtmeisterschaft A"]
[Site "Ditzingen"]
[Date "2014.05.31"]
[Round "7.15"]
[White "Gabriel, Robert"]
[Black "Schwarz, Larissa"]
[Result "1/2-1/2"]
[WhiteElo "2178"]
[BlackElo "1896"]
[PlyCount "25"]
[EventDate "2014.??.??"]
[WhiteTeam "Stuttgarter SF 1879"]
[BlackTeam "TSV Schott Mainz"]

1. d4 Nf6 2. c4 g6 3. Nc3 d5 4. cxd5 Nxd5 5. e4 Nxc3 6. bxc3 Bg7 7. Bc4 O-O 8.
Ne2 c5 9. Be3 Nc6 10. O-O Qc7 11. Rc1 Rd8 12. Qd2 e5 13. Bd5 1/2-1/2

[Event "Int. Stuttgarter Stadtmeisterschaft A"]
[Site "Ditzingen"]
[Date "2014.05.31"]
[Round "7.16"]
[White "Reck, Moritz"]
[Black "Quernheim, Daniel"]
[Result "1-0"]
[WhiteElo "2145"]
[BlackElo "2013"]
[PlyCount "119"]
[EventDate "2014.??.??"]
[WhiteTeam "SV Leonberg 1978 eV"]
[BlackTeam "SC Schachmatt Botnang"]

1. e4 Nf6 2. Nc3 d5 3. exd5 Nxd5 4. d3 Nxc3 5. bxc3 g6 6. Bd2 Bg7 7. g3 c6 8.
Bg2 Qa5 9. Ne2 Bg4 10. d4 Qh5 11. h3 Bf3 12. Bxf3 Qxf3 13. O-O Nd7 14. Rb1 c5
15. Be3 O-O 16. dxc5 Rfd8 17. Nd4 Qxd1 18. Rfxd1 Nxc5 19. Nb5 Ne4 20. Nxa7
Rxd1+ 21. Rxd1 Nxc3 22. Rd7 b5 23. a3 e6 24. Bc5 Bf8 25. Bxf8 Kxf8 26. Rb7 Nb1
27. Nxb5 Nxa3 28. Nd6 Nxc2 29. Nxf7 Re8 30. Ng5 Re7 31. Nxh7+ Ke8 32. Rb8+ Kf7
33. Ng5+ Kf6 34. Ne4+ Kg7 35. Kg2 Nd4 36. Rd8 Nc6 37. Rd6 Nb4 38. Nc5 Kf6 39.
Kf3 Nd5 40. Nxe6 Rxe6 41. Rxd5 Ra6 42. Kg4 Ra4+ 43. f4 Rb4 44. h4 Rb3 45. Rg5
Rb1 46. h5 gxh5+ 47. Kxh5 Rh1+ 48. Kg4 Ra1 49. Rb5 Ra6 50. Rh5 Kg6 51. f5+ Kg7
52. Kg5 Ra5 53. g4 Rb5 54. Rh6 Ra5 55. Rb6 Ra7 56. Rg6+ Kh7 57. Re6 Rg7+ 58.
Kh5 Ra7 59. f6 Kg8 60. Re8+ 1-0

[Event "Int. Stuttgarter Stadtmeisterschaft A"]
[Site "Ditzingen"]
[Date "2014.05.31"]
[Round "7.17"]
[White "Büter, Norbert"]
[Black "Jerie, Sven"]
[Result "1/2-1/2"]
[WhiteElo "2049"]
[BlackElo "2091"]
[PlyCount "74"]
[EventDate "2014.??.??"]
[WhiteTeam "SpVgg Rommelshausen"]
[BlackTeam "SG Ludwigsburg 1919"]

1. d4 Nf6 2. c4 e6 3. Nc3 Bb4 4. Qc2 O-O 5. a3 Bxc3+ 6. Qxc3 d5 7. e3 b6 8. Nf3
Bb7 9. Be2 Nbd7 10. O-O dxc4 11. Qxc4 Bd5 12. Qa4 c5 13. b4 cxd4 14. exd4 Ne4
15. Bb2 Ng5 16. Ne5 Nb8 17. f3 f6 18. Ng4 f5 19. Ne5 Nf7 20. Rac1 a6 21. Qc2
Ra7 22. b5 axb5 23. Bxb5 Nd6 24. a4 Nxb5 25. axb5 Qd6 26. Ra1 Rxa1 27. Rxa1 Qb4
28. h3 Qxb5 29. Ba3 Qa6 30. Qc7 Qc8 31. Qxb6 Qd8 32. Qa7 Re8 33. Qf7+ Kh8 34.
Bd6 Nc6 35. Nxc6 Bxc6 36. Be5 Qg5 37. Ra7 Rg8 1/2-1/2

[Event "Int. Stuttgarter Stadtmeisterschaft A"]
[Site "Ditzingen"]
[Date "2014.05.31"]
[Round "7.18"]
[White "Schmidt, Tobias"]
[Black "Gabriel, Josef"]
[Result "1/2-1/2"]
[WhiteElo "2005"]
[BlackElo "2072"]
[PlyCount "89"]
[EventDate "2014.??.??"]
[WhiteTeam "SC Erdmannhausen"]
[BlackTeam "Stuttgarter SF 1879"]

1. e4 g6 2. d4 Bg7 3. Nc3 d6 4. f4 a6 5. Nf3 b5 6. Bd3 Nd7 7. e5 c5 8. Be4 Rb8
9. O-O dxe5 10. dxe5 e6 11. Be3 Ne7 12. Qd2 O-O 13. Rad1 Qc7 14. Qd6 Qxd6 15.
Rxd6 f5 16. Bc6 Nb6 17. b3 b4 18. Ne2 Nxc6 19. Rxc6 Bd7 20. Rxc5 Nd5 21. Kf2
Rfc8 22. Rc1 Bf8 23. Rxc8 Rxc8 24. Bd4 h6 25. g3 Kf7 26. c4 bxc3 27. Nxc3 Ba3
28. Rd1 Bc6 29. Nb1 Be7 30. a3 g5 31. fxg5 hxg5 32. h4 g4 33. Nfd2 Bb5 34. Nc4
Bxc4 35. Rc1 Bd3 36. Rxc8 Bxb1 37. b4 Bd3 38. Bc5 Bb5 39. Ra8 Bxc5+ 40. bxc5
Nc3 41. c6 Bxc6 42. Rxa6 Bd5 43. Ra7+ Kg6 44. a4 Ne4+ 45. Kg2 1/2-1/2

[Event "Int. Stuttgarter Stadtmeisterschaft A"]
[Site "Ditzingen"]
[Date "2014.05.31"]
[Round "7.19"]
[White "Severin, Andreas"]
[Black "Bräunlin, Klaus"]
[Result "1-0"]
[WhiteElo "2008"]
[BlackElo "2145"]
[PlyCount "99"]
[EventDate "2014.??.??"]
[WhiteTeam "SV Reutlingen"]
[BlackTeam "TG Biberach"]

1. e4 c6 2. d4 d5 3. e5 Bf5 4. Ne2 a6 5. Ng3 Bd7 6. Bd3 e6 7. O-O c5 8. c3 Qb6
9. dxc5 Bxc5 10. b4 Be7 11. Qg4 Bf8 12. Be3 Qc7 13. f4 g6 14. a3 Nc6 15. Qe2 b5
16. Qf2 Nh6 17. h3 Be7 18. Ne2 Nf5 19. Bc5 h5 20. Bxe7 Ncxe7 21. Nd4 Nxd4 22.
cxd4 Rc8 23. Ra2 Qa7 24. Rd1 Rc7 25. Nd2 O-O 26. Nb3 Ra8 27. Nc5 Be8 28. g4
hxg4 29. hxg4 Nc6 30. Qh4 f5 31. Rh2 Rh7 32. Qxh7+ Qxh7 33. Rxh7 Kxh7 34. Nxe6
fxg4 35. f5 gxf5 36. Bxf5+ Bg6 37. Bxg4 Rg8 38. Kf2 Be4 39. Bf3 Bxf3 40. Kxf3
Rc8 41. Ke3 Ne7 42. Nc5 Re8 43. Rf1 Kg6 44. Rf6+ Kg5 45. Ne6+ Kg4 46. Rf8 Nf5+
47. Rxf5 Rxe6 48. Rf6 Re8 49. Rxa6 Rh8 50. Rg6+ 1-0

[Event "Int. Stuttgarter Stadtmeisterschaft A"]
[Site "Ditzingen"]
[Date "2014.05.31"]
[Round "7.20"]
[White "M�ller, Anja"]
[Black "Eulering, Georg"]
[Result "0-1"]
[WhiteElo "1967"]
[BlackElo "2143"]
[PlyCount "108"]
[EventDate "2014.??.??"]
[WhiteTeam "SC Ingersheim e.V."]
[BlackTeam "SF Schlebusch"]

1. d4 Nf6 2. c4 e6 3. a3 b6 4. Nc3 Bb7 5. Bf4 d6 6. Nf3 Nbd7 7. h3 g6 8. e3 Bg7
9. Be2 O-O 10. O-O Re8 11. Bh2 a6 12. Rc1 Qe7 13. b4 Bf8 14. Qb3 Rab8 15. d5 e5
16. e4 Nh5 17. Bd3 Bc8 18. Ne2 Bh6 19. Rb1 Qf6 20. Bc2 Nf4 21. Bxf4 Bxf4 22.
Nxf4 exf4 23. Rfe1 Ne5 24. Qc3 h5 25. Nxe5 Rxe5 26. c5 dxc5 27. bxc5 b5 28.
Red1 f3 29. Qxf3 Qxf3 30. gxf3 Bxh3 31. Kh2 Bd7 32. f4 Re7 33. e5 c6 34. dxc6
Bxc6 35. Rd6 Rc8 36. Bb3 Kg7 37. Rbd1 a5 38. Bd5 Rec7 39. Bxc6 Rxc6 40. Rxc6
Rxc6 41. Rd5 Kf8 42. Kg3 Ke7 43. Kf3 Ke6 44. Ke4 h4 45. Rd8 Rxc5 46. Re8+ Kd7
47. Rh8 Rc4+ 48. Ke3 Rc3+ 49. Kd4 Rxa3 50. Rxh4 b4 51. Kc4 Rc3+ 52. Kb5 b3 53.
Rh1 b2 54. Rb1 Rb3+ 0-1

[Event "Int. Stuttgarter Stadtmeisterschaft A"]
[Site "Ditzingen"]
[Date "2014.05.31"]
[Round "7.21"]
[White "Klaus, Daniel"]
[Black "Schulte, Torsten"]
[Result "1/2-1/2"]
[WhiteElo "1921"]
[BlackElo "2130"]
[PlyCount "56"]
[EventDate "2014.??.??"]
[WhiteTeam "SF M�glingen 1976"]
[BlackTeam "SC Eppingen"]

1. e4 e5 2. Nf3 Nc6 3. Bb5 a6 4. Ba4 Nf6 5. O-O Nxe4 6. d4 b5 7. Bb3 d5 8. dxe5
Be6 9. Nbd2 Nc5 10. c3 d4 11. cxd4 Nxd4 12. Nxd4 Qxd4 13. Qf3 Rd8 14. Qc6+ Qd7
15. Qxd7+ Rxd7 16. Bxe6 Nxe6 17. Nb3 Be7 18. Be3 c5 19. Rad1 c4 20. Rxd7 Kxd7
21. Nd4 Nxd4 22. Bxd4 Ke6 23. f4 g6 24. g4 Rd8 25. Be3 Rd3 26. Kf2 Kd5 27. Ke2
Ke4 28. Bg1 Bb4 1/2-1/2

[Event "Int. Stuttgarter Stadtmeisterschaft A"]
[Site "Ditzingen"]
[Date "2014.05.31"]
[Round "7.22"]
[White "Schwab, Matthias"]
[Black "Unger, Franz"]
[Result "1-0"]
[WhiteElo "2102"]
[BlackElo "1969"]
[PlyCount "55"]
[EventDate "2014.??.??"]
[WhiteTeam "SC Böblingen 1975 e.V."]
[BlackTeam "SK Sachsenheim"]

1. d4 Nf6 2. c4 c5 3. d5 e6 4. Nc3 exd5 5. cxd5 d6 6. e4 g6 7. f4 Bg7 8. Bb5+
Nfd7 9. a4 O-O 10. Nf3 a6 11. Bd3 Re8 12. O-O Nf6 13. h3 b6 14. Nd2 Nbd7 15.
Nc4 Qc7 16. Qf3 Rb8 17. e5 dxe5 18. fxe5 Nxe5 19. Nxe5 Qxe5 20. Bf4 Qd4+ 21.
Kh1 Rb7 22. Bxa6 Rbe7 23. Bxc8 Rxc8 24. Rad1 Qb4 25. Bg5 Re5 26. Bf4 Re7 27. d6
Rd7 28. Bg5 1-0

[Event "Int. Stuttgarter Stadtmeisterschaft A"]
[Site "Ditzingen"]
[Date "2014.05.31"]
[Round "7.23"]
[White "Bluma, Marcel"]
[Black "Steinhart, Christoph"]
[Result "1-0"]
[WhiteElo "2100"]
[BlackElo "1967"]
[PlyCount "49"]
[EventDate "2014.??.??"]
[WhiteTeam "SC Ingersheim e.V."]
[BlackTeam "TSV Schönaich"]

1. e4 c5 2. Nf3 d6 3. d4 cxd4 4. Nxd4 Nf6 5. Nc3 a6 6. a4 Nc6 7. Be3 e6 8. Be2
Qc7 9. O-O b6 10. f4 Bb7 11. Nb3 Be7 12. Kh1 O-O 13. Bf3 Rfd8 14. Qe1 Rac8 15.
g4 d5 16. Qf2 dxe4 17. g5 exf3 18. gxf6 Bxf6 19. Bxb6 Qxf4 20. Bxd8 Nxd8 21.
Rad1 Rxc3 22. bxc3 Bh4 23. Nc5 Ba8 24. Rd4 Bxf2 25. Rxd8# 1-0

[Event "Int. Stuttgarter Stadtmeisterschaft A"]
[Site "Ditzingen"]
[Date "2014.05.31"]
[Round "7.24"]
[White "Zeller, Elisa"]
[Black "Tsolakidis, Paschalis"]
[Result "1/2-1/2"]
[WhiteElo "1921"]
[BlackElo "2097"]
[PlyCount "32"]
[EventDate "2014.??.??"]
[WhiteTeam "SF 1876 G�ppingen"]
[BlackTeam "DJK Stuttgart-S�d"]

1. e4 g6 2. d4 Bg7 3. Nf3 d6 4. Bc4 e6 5. Nc3 Ne7 6. O-O d5 7. Bb3 dxe4 8. Nxe4
h6 9. c3 b6 10. Bf4 Bb7 11. Ba4+ Kf8 12. Ned2 Nd7 13. Re1 Nf6 14. Ne5 Nh5 15.
Qg4 Nxf4 16. Qxf4 Bxe5 1/2-1/2

[Event "Int. Stuttgarter Stadtmeisterschaft A"]
[Site "Ditzingen"]
[Date "2014.05.31"]
[Round "7.25"]
[White "Flick, Antoine"]
[Black "Gibicar, Marc"]
[Result "1-0"]
[WhiteElo "2045"]
[BlackElo "1917"]
[PlyCount "93"]
[EventDate "2014.??.??"]
[WhiteTeam "Philidor Mulhouse"]
[BlackTeam "SpVgg Böblingen"]

1. d4 Nf6 2. Nf3 c5 3. d5 e6 4. c4 exd5 5. cxd5 d6 6. Nc3 g6 7. e4 Bg7 8. h3
O-O 9. Bd3 Re8 10. O-O a6 11. a4 b6 12. Bf4 Bb7 13. Re1 Nh5 14. Bh2 Qc7 15. Rc1
Nd7 16. Be2 Bh6 17. Rc2 Nf4 18. Bf1 g5 19. h4 g4 20. Ng5 Ng6 21. Qxg4 Nf6 22.
Qg3 Bg7 23. Rcc1 h6 24. Nf3 Rad8 25. Nd2 Ne5 26. Nc4 Nh5 27. Qe3 Ng4 28. Qf3
Bc8 29. Ne3 Nxh2 30. Kxh2 Be5+ 31. g3 Ng7 32. Bh3 Bxh3 33. Kxh3 Qd7+ 34. Qg4
Bxc3 35. Qxd7 Rxd7 36. bxc3 Rxe4 37. Ng4 Rxe1 38. Rxe1 Kf8 39. Nxh6 b5 40. axb5
axb5 41. Kg4 Ra7 42. Rb1 Ra4+ 43. f4 b4 44. cxb4 Rxb4 45. Ra1 Rd4 46. Ra7 f5+
47. Nxf5 1-0

[Event "Int. Stuttgarter Stadtmeisterschaft A"]
[Site "Ditzingen"]
[Date "2014.05.31"]
[Round "7.27"]
[White "Einwiller, Dieter"]
[Black "Cummings, Orlyn"]
[Result "1-0"]
[WhiteElo "2146"]
[BlackElo "1873"]
[PlyCount "75"]
[EventDate "2014.??.??"]
[WhiteTeam "SF Pfullingen"]
[BlackTeam "SC Ingersheim e.V."]

1. d4 f5 2. c4 Nf6 3. Nc3 d6 4. d5 g6 5. g3 Bg7 6. Bg2 O-O 7. Be3 h6 8. Qd2 Kh7
9. h4 a5 10. Nh3 Na6 11. Nf4 Nc5 12. Rd1 Bd7 13. Qc2 Qe8 14. Bxc5 dxc5 15. h5
g5 16. Ne6 Bxe6 17. dxe6 Ng4 18. Bxb7 Rb8 19. Bg2 Bd4 20. e3 Bxe3 21. fxe3 Nxe3
22. Qe2 Nxd1 23. Kxd1 Qd8+ 24. Kc2 Qd6 25. Qe3 Rf6 26. Re1 Qd4 27. b3 f4 28.
Qxd4 cxd4 29. Nd5 Rff8 30. gxf4 gxf4 31. Be4+ Kh8 32. Nxe7 Rf6 33. Ng6+ Kg7 34.
e7 Re8 35. Bf3 c5 36. Re5 Kf7 37. Rxc5 Re6 38. Bd5 1-0

[Event "Int. Stuttgarter Stadtmeisterschaft A"]
[Site "Ditzingen"]
[Date "2014.05.31"]
[Round "7.28"]
[White "Klaus, Dominik"]
[Black "Zikeli, Saskia"]
[Result "0-1"]
[WhiteElo "1931"]
[BlackElo "2109"]
[PlyCount "56"]
[EventDate "2014.??.??"]
[WhiteTeam "Ssg Fils-Lauter e. V."]
[BlackTeam "SC Ingersheim e.V."]

1. d4 Nf6 2. c4 g6 3. Nf3 Bg7 4. g3 d6 5. Bg2 O-O 6. O-O Nbd7 7. Nc3 e5 8. e4
exd4 9. Nxd4 Re8 10. f3 c6 11. Nc2 Nb6 12. Qd3 Be6 13. Ne3 Qc7 14. Rd1 Rad8 15.
f4 Ng4 16. b3 d5 17. cxd5 cxd5 18. e5 f6 19. Nb5 Qc5 20. exf6 Bxf6 21. Nd4 Bd7
22. Nxg4 Bxg4 23. Be3 Bxd1 24. Rxd1 Rc8 25. Nf5 d4 26. Bxd4 Bxd4+ 27. Nxd4 Rcd8
28. Be4 Rd6 0-1

[Event "Int. Stuttgarter Stadtmeisterschaft A"]
[Site "Ditzingen"]
[Date "2014.05.31"]
[Round "7.29"]
[White "Hoeschele, Hans-Ulrich"]
[Black "Zeh, Dominik"]
[Result "1/2-1/2"]
[WhiteElo "2095"]
[BlackElo "1934"]
[PlyCount "72"]
[EventDate "2014.??.??"]
[WhiteTeam "Stuttgarter SF 1879"]
[BlackTeam "Stuttgarter SF 1879"]

1. Nf3 d5 2. b3 Nf6 3. Bb2 g6 4. Bxf6 exf6 5. e3 Bg7 6. Be2 O-O 7. d4 c5 8. c3
b6 9. O-O Bb7 10. a4 Nc6 11. Qd2 Na5 12. Qb2 Qd6 13. Nbd2 f5 14. b4 cxb4 15.
cxb4 Nc6 16. b5 Na5 17. Qa3 Qxa3 18. Rxa3 Rfc8 19. Raa1 Rc2 20. Rfc1 Rac8 21.
Rxc2 Rxc2 22. Bd1 Rc3 23. Kf1 Bf8 24. Ke2 Bd6 25. g3 f6 26. Ne1 Kf7 27. Nd3 Ke6
28. Nb1 Rc7 29. Nd2 g5 30. f4 Nc4 31. Nb3 Kf7 32. Nd2 gxf4 33. gxf4 Re7 34. Nf1
Ke8 35. Kf2 Kd7 36. Rc1 Rg7 1/2-1/2

[Event "Int. Stuttgarter Stadtmeisterschaft A"]
[Site "Ditzingen"]
[Date "2014.05.31"]
[Round "7.30"]
[White "Sand, Rolf"]
[Black "Andreev, Vlad"]
[Result "1-0"]
[WhiteElo "1946"]
[BlackElo "2046"]
[PlyCount "77"]
[EventDate "2014.??.??"]
[WhiteTeam "SV Tübingen 1870 e.V."]
[BlackTeam "SF Pfullingen"]

1. c4 e6 2. g3 d5 3. Nf3 Nf6 4. d4 dxc4 5. Bg2 Nc6 6. O-O Rb8 7. e3 Be7 8. Qe2
b5 9. Rd1 Bb7 10. Nc3 Nb4 11. Ne5 Bxg2 12. Kxg2 Qd6 13. e4 O-O 14. Bf4 Qb6 15.
Rd2 c5 16. d5 exd5 17. exd5 Bd6 18. Qf3 Rbe8 19. Re2 Bxe5 20. Bxe5 Nc2 21. Bxf6
Nxa1 22. Be7 Rxe7 23. Rxe7 b4 24. Ne4 f5 25. Nd2 Qf6 26. d6 c3 27. bxc3 bxc3
28. Qd5+ Kh8 29. Nf3 h6 30. Qxc5 Kh7 31. d7 Rd8 32. Ne5 c2 33. Re8 f4 34. f3
fxg3 35. hxg3 Qb6 36. Qc3 Qf6 37. Qxa1 Rxd7 38. Qc1 Rd1 39. Qxc2+ 1-0

[Event "Int. Stuttgarter Stadtmeisterschaft A"]
[Site "Ditzingen"]
[Date "2014.05.31"]
[Round "7.31"]
[White "Cerasi, Umberto"]
[Black "Wohlfahrt, Michael"]
[Result "1-0"]
[WhiteElo "2019"]
[BlackElo "1834"]
[PlyCount "127"]
[EventDate "2014.??.??"]
[WhiteTeam "Turm a Sprenger Matt Schifflange"]
[BlackTeam "TSF Welzheim"]

1. d4 d5 2. c4 c6 3. Nf3 Nf6 4. cxd5 cxd5 5. Nc3 e6 6. Bg5 Be7 7. e3 O-O 8. Bd3
Nbd7 9. O-O b6 10. Rc1 Bb7 11. Qe2 Rc8 12. Ne5 Nxe5 13. dxe5 Nd7 14. Bf4 Nc5
15. Bc2 Ba6 16. Nb5 Qd7 17. a4 Rfd8 18. Rfd1 g6 19. Ra1 Ra8 20. b4 Nb7 21. Rab1
Rdc8 22. Bd3 Nd8 23. e4 Bb7 24. exd5 exd5 25. h3 Ne6 26. Bg3 Rc6 27. Nd6 Rc3
28. Qd2 Rc7 29. Nxb7 Rxb7 30. Bb5 Qc8 31. Ba6 Qd7 32. Bxb7 Qxb7 33. Qxd5 Qxd5
34. Rxd5 h5 35. Rd7 Kf8 36. f3 a5 37. Be1 Ke8 38. Rb7 axb4 39. Bxb4 Nc5 40.
Rxb6 Rxa4 41. Rb5 Ne6 42. Bxe7 Kxe7 43. Rb7+ Kf8 44. g3 h4 45. R7b4 Ra3 46. Kg2
hxg3 47. Kxg3 Re3 48. Rb5 Nd4 49. Rb8+ Kg7 50. Kf4 Re2 51. R1b6 Ne6+ 52. Rxe6
fxe6 53. Rb7+ Kh6 54. h4 Ra2 55. Rb6 Ra4+ 56. Kg3 Kh5 57. Rxe6 Rxh4 58. Rxg6
Rh1 59. Rg4 Re1 60. Kf4 Re2 61. Kf5 Rf2 62. Rg5+ Kh6 63. f4 Ra2 64. e6 1-0